<?xml version="1.0" encoding="UTF-8"?>
<collection xmlns="http://www.loc.gov/MARC21/slim">
 <record>
  <leader>00771nab a2200205 i 4500</leader>
  <controlfield tag="001">misc47989</controlfield>
  <controlfield tag="005">20211025161013.0</controlfield>
  <controlfield tag="008">200414s1988    hu      o     0||   hun d</controlfield>
  <datafield tag="022" ind1=" " ind2=" ">
   <subfield code="a">0133-0853</subfield>
  </datafield>
  <datafield tag="040" ind1=" " ind2=" ">
   <subfield code="a">SZTE Miscellanea Repozitórium</subfield>
   <subfield code="b">hun</subfield>
  </datafield>
  <datafield tag="041" ind1=" " ind2=" ">
   <subfield code="a">hun</subfield>
  </datafield>
  <datafield tag="100" ind1="1" ind2=" ">
   <subfield code="a">Nádor Tamás</subfield>
  </datafield>
  <datafield tag="245" ind1="1" ind2="0">
   <subfield code="a">Kristó Gyula</subfield>
   <subfield code="h">[elektronikus dokumentum] :</subfield>
   <subfield code="b">A vármegyék kialakulása Magyarországon [könyvismertetés] /</subfield>
   <subfield code="c"> Nádor Tamás</subfield>
  </datafield>
  <datafield tag="260" ind1=" " ind2=" ">
   <subfield code="a">Magyar Könyvkiadók és Könyvterjesztők Egyesülete</subfield>
   <subfield code="b">Budapest</subfield>
   <subfield code="c">1988</subfield>
  </datafield>
  <datafield tag="300" ind1=" " ind2=" ">
   <subfield code="a">5</subfield>
  </datafield>
  <datafield tag="490" ind1="0" ind2=" ">
   <subfield code="a">Könyvvilág</subfield>
   <subfield code="v">33 No. 6</subfield>
  </datafield>
  <datafield tag="561" ind1=" " ind2=" ">
   <subfield code="a">Kristó Gyula újságkivágatok</subfield>
  </datafield>
  <datafield tag="695" ind1=" " ind2=" ">
   <subfield code="a">Magyarország története - vármegyék - interjú</subfield>
  </datafield>
  <datafield tag="700" ind1="0" ind2="1">
   <subfield code="a">Kristó Gyula</subfield>
  </datafield>
  <datafield tag="856" ind1="4" ind2="0">
   <subfield code="u">http://misc.bibl.u-szeged.hu/47989/1/033.pdf</subfield>
   <subfield code="z">Dokumentum-elérés </subfield>
  </datafield>
 </record>
</collection>
